[Event "22nd 4NCL Congress"]
[Site "Telford"]
[Date "2019.07.19"]
[Round "1"]
[Board "1"]
[White "Fletcher, John T"]
[Black "Arkell, Keith C"]
[Result "0-1"]
[WhiteElo "1999"]
[BlackElo "2461"]
[PlyCount "88"]
[EventDate "2019.07.19"]
[EventRounds "5"]
[EventCountry "ENG"]

1. d4 Nf6 2. Nc3 d5 3. Bg5 Nbd7 4. Qd3 c6 5. e4 dxe4 6. Nxe4 Nxe4 7. Qxe4 Qa5+
8. Bd2 Qd5 9. Qxd5 cxd5 10. Nf3 Nf6 11. Ne5 a6 12. Bd3 g6 13. O-O Bf5 14. Bxf5
gxf5 15. f3 h5 16. h4 e6 17. a4 Rc8 18. Rfc1 Nd7 19. Nd3 Be7 20. Bg5 Nf8 21.
Bxe7 Kxe7 22. Ra3 Ng6 23. g3 f4 24. Nxf4 Nxf4 25. gxf4 Kf6 26. Rb3 Rc7 27. Kf2
Kf5 28. c3 Rg8 29. Rg1 Rxg1 30. Kxg1 Kxf4 31. Kf2 Kf5 32. a5 f6 33. Rb6 Rd7 34.
Ke3 Rg7 35. b3 Rc7 36. Kd3 e5 37. c4 e4+ 38. fxe4+ dxe4+ 39. Ke3 Rg7 40. d5
Rg3+ 41. Ke2 Rh3 42. c5 Rh2+ 43. Ke3 Ke5 44. d6 f5  0-1

[Event "22nd 4NCL Congress"]
[Site "Telford"]
[Date "2019.07.19"]
[Round "1"]
[Board "2"]
[White "Merry, Alan B"]
[Black "Staples, Daniel J"]
[Result "1-0"]
[WhiteElo "2435"]
[BlackElo "1992"]
[PlyCount "133"]
[EventDate "2019.07.19"]
[EventRounds "5"]
[EventCountry "ENG"]

1. c4 e6 2. Nc3 d5 3. d4 Nf6 4. cxd5 exd5 5. Bg5 c6 6. e3 Nbd7 7. Nf3 Be7 8.
Bd3 O-O 9. Qc2 Re8 10. O-O Nf8 11. Ne5 Ng4 12. Bxe7 Qxe7 13. Nxg4 Bxg4 14. Rab1
Qg5 15. Kh1 Re6 16. f4 Qh4 17. g3 Qh5 18. Rbe1 f5 19. b4 a6 20. a4 Rg6 21. Kg1
Re8 22. Nb1 Rge6 23. Qd2 Nd7 24. b5 axb5 25. axb5 Nf6 26. bxc6 bxc6 27. Na3 Bf3
28. Bxf5 Qxf5 29. Rxf3 Ne4 30. Qg2 Qf8 31. Nc2 h5 32. Ra1 Nd6 33. Qe2 Nc4 34.
Qd3 g5 35. Ra7 Re4 36. Rf1 R8e7 37. Rxe7 Qxe7 38. fxg5 Qxg5 39. Rf4 Rxf4 40.
exf4 Qg4 41. Ne1 h4 42. Qf3 Qg7 43. Qd3 Nd6 44. Kg2 Ne4 45. Qe3 Qg4 46. Nf3 h3+
47. Kg1 Kg7 48. Qa3 Qd7 49. Qa8 Qg4 50. Qb7+ Kf8 51. Qb8+ Ke7 52. Qc7+ Kf8 53.
Qf7+ Kxf7 54. Ne5+ Ke6 55. Nxg4 Nd6 56. Ne5 Kf5 57. Nxc6 Ke4 58. Kf2 Nb5 59.
Ke2 Nd6 60. Ne5 Nf5 61. Nf3 Nh6 62. Ng5+ Kxd4 63. Kf3 Kc3 64. Nxh3 d4 65. Nf2
Kd2 66. g4 Ke1 67. h4  1-0

[Event "22nd 4NCL Congress"]
[Site "Telford"]
[Date "2019.07.19"]
[Round "1"]
[Board "3"]
[White "Blake, J Morgan"]
[Black "Hebden, Mark L"]
[Result "0-1"]
[WhiteElo "1976"]
[BlackElo "2421"]
[PlyCount "54"]
[EventDate "2019.07.19"]
[EventRounds "5"]
[EventCountry "ENG"]

1. e4 e5 2. Nf3 Nc6 3. Bb5 a6 4. Bxc6 dxc6 5. O-O Bd6 6. d4 exd4 7. Qxd4 f6 8.
Be3 Ne7 9. Nbd2 Be6 10. Qc3 Qd7 11. Nd4 Bf7 12. Rfd1 O-O-O 13. Nf1 f5 14. Nxf5
Nxf5 15. exf5 Qxf5 16. Ng3 Qg6 17. Bc5 h5 18. Bxd6 cxd6 19. Ne2 h4 20. Nf4 Qh6
21. Qd2 g5 22. Ne2 h3 23. g3 Bh5 24. Re1 Rhe8 25. Nd4 Qf6 26. Qc3 c5 27. Ne2
Qf5  0-1

[Event "22nd 4NCL Congress"]
[Site "Telford"]
[Date "2019.07.19"]
[Round "1"]
[Board "4"]
[White "Murphy, Conor E"]
[Black "Ortiz Sanchez, Luis"]
[Result "1-0"]
[WhiteElo "2362"]
[BlackElo "1967"]
[PlyCount "67"]
[EventDate "2019.07.19"]
[EventRounds "5"]
[EventCountry "ENG"]

1. d4 f5 2. Bg5 h6 3. Bh4 g5 4. e4 Nf6 5. e5 e6 6. Bg3 f4 7. Bd3 Bg7 8. Bxf4
gxf4 9. exf6 Qxf6 10. Qh5+ Kd8 11. Nf3 d6 12. Nc3 Nc6 13. O-O-O Nxd4 14. Ne4
Nb3+ 15. axb3 Qxb2+ 16. Kd2 Bd7 17. Rb1 Qa3 18. Qf7 Bb2 19. c3 Re8 20. Kc2 Bxc3
21. Nxc3 Qc5 22. Qf6+ Kc8 23. Qd4 Qh5 24. Qxf4 e5 25. Qh4 Qf7 26. Qxh6 Bf5 27.
Bxf5+ Qxf5+ 28. Kb2 Kb8 29. h4 a5 30. h5 a4 31. Qg6 Qf8 32. h6 d5 33. h7 d4 34.
Qxe8+  1-0

[Event "22nd 4NCL Congress"]
[Site "Telford"]
[Date "2019.07.19"]
[Round "1"]
[Board "5"]
[White "Adams, Mark A"]
[Black "Sowray, Peter J"]
[Result "1/2-1/2"]
[WhiteElo "1963"]
[BlackElo "2334"]
[PlyCount "109"]
[EventDate "2019.07.19"]
[EventRounds "5"]
[EventCountry "ENG"]

1. e4 e5 2. Nf3 Nc6 3. Nc3 Nf6 4. d4 exd4 5. Nxd4 Bb4 6. Nxc6 bxc6 7. Bd3 O-O
8. O-O d5 9. exd5 cxd5 10. h3 Be6 11. Qf3 Be7 12. Bf4 Qd7 13. Rfd1 Rad8 14. Ne2
c5 15. c4 Qc8 16. Rdc1 Rd7 17. Ng3 Rfd8 18. b3 Bd6 19. Bxd6 Rxd6 20. Nf5 Bxf5
21. Bxf5 Qc6 22. Rd1 d4 23. Qxc6 Rxc6 24. Bd3 Kf8 25. g3 Ke7 26. Re1+ Re6 27.
Rxe6+ Kxe6 28. Kf1 Kd6 29. Re1 h6 30. Ke2 Re8+ 31. Kd2 Rxe1 32. Kxe1 g5 33. a3
a5 34. Ke2 Ke5 35. Kf3 Nd7 36. Kg2 f5 37. f3 Nf6 38. Kf2 h5 39. Kg2 Ng8 40. h4
gxh4 41. f4+ Ke6 42. gxh4 Nf6 43. Kf3 Ng4 44. Ke2 Ne3 45. Kf3 Kf6 46. a4 Ke6
47. Kg3 Ng4 48. Kf3 Nf6 49. Be2 Nd7 50. Bd3 Nb8 51. Kf2 Nd7 52. Kf3 Nf6 53. Bc2
Ng4 54. Bd3 Nf6 55. Bc2  1/2-1/2

[Event "22nd 4NCL Congress"]
[Site "Telford"]
[Date "2019.07.19"]
[Round "1"]
[Board "6"]
[White "Ashton, Adam G"]
[Black "Rushbrooke, Remy"]
[Result "1-0"]
[WhiteElo "2323"]
[BlackElo "1963"]
[PlyCount "49"]
[EventDate "2019.07.19"]
[EventRounds "5"]
[EventCountry "ENG"]

1. e4 e5 2. Nf3 Nf6 3. Nxe5 d6 4. Nf3 Nxe4 5. Bd3 d5 6. Qe2 Bd6 7. Bxe4 dxe4 8.
Qxe4+ Be6 9. d4 O-O 10. Ng5 g6 11. Nxe6 fxe6 12. Bh6 Rf5 13. Nc3 e5 14. O-O-O
exd4 15. Qxd4 Qf6 16. Qxf6 Rxf6 17. Ne4 Bf4+ 18. Bxf4 Rxf4 19. Rd8+ Kg7 20. Ng5
Kf6 21. g3 Rf5 22. f4 h6 23. Nf3 Ke7 24. Rh8 h5 25. Re1+  1-0

[Event "22nd 4NCL Congress"]
[Site "Telford"]
[Date "2019.07.19"]
[Round "1"]
[Board "7"]
[White "Sagues, Vincent"]
[Black "Abdulla, Murad"]
[Result "0-1"]
[WhiteElo "1958"]
[BlackElo "2244"]
[PlyCount "104"]
[EventDate "2019.07.19"]
[EventRounds "5"]
[EventCountry "ENG"]

1. e4 c5 2. Nf3 d6 3. d4 cxd4 4. Nxd4 Nf6 5. f3 e5 6. Nb3 d5 7. Bg5 Be6 8. Bxf6
gxf6 9. exd5 Bxd5 10. Nc3 Be6 11. Qxd8+ Kxd8 12. O-O-O+ Kc8 13. Ne4 Nd7 14. Bb5
f5 15. Bxd7+ Bxd7 16. Nd6+ Bxd6 17. Rxd6 Rg8 18. Nc5 Bc6 19. Rhd1 Kc7 20. R6d2
Rae8 21. Re1 a5 22. Nd3 f6 23. c3 Rg7 24. Ree2 Rd8 25. Nc5 Re8 26. Nd3 b6 27.
b3 Rg6 28. Nb2 Bb5 29. c4 Bc6 30. Nd1 h5 31. Ne3 f4 32. Nd5+ Kb7 33. Kc2 f5 34.
a4 h4 35. h3 Rd6 36. Nc3 Rxd2+ 37. Rxd2 e4 38. fxe4 fxe4 39. Nd5 Bxd5 40. cxd5
Kc7 41. Kc3 Kd6 42. Kd4 e3 43. Rd1 Re5 44. Rf1 e2 45. Re1 Re3 46. Kc4 Ke5 47.
b4 axb4 48. Kxb4 Kxd5 49. Kb5 Rb3+ 50. Ka6 Rb2 51. a5 bxa5 52. Kxa5 Kd4  0-1

[Event "22nd 4NCL Congress"]
[Site "Telford"]
[Date "2019.07.19"]
[Round "1"]
[Board "8"]
[White "Han, Yichen"]
[Black "Kay, Lee P"]
[Result "1-0"]
[WhiteElo "2217"]
[BlackElo "1949"]
[PlyCount "73"]
[EventDate "2019.07.19"]
[EventRounds "5"]
[EventCountry "ENG"]

1. e4 e6 2. d4 d5 3. Nc3 Bb4 4. exd5 exd5 5. Bd3 Nc6 6. a3 Bxc3+ 7. bxc3 Nf6 8.
Bg5 h6 9. Bh4 O-O 10. Ne2 Na5 11. O-O Qd6 12. Rb1 a6 13. Bg3 Qc6 14. Bf4 Nc4
15. Qc1 Nd6 16. f3 Re8 17. g4 Nxg4 18. fxg4 Bxg4 19. Ng3 Qxc3 20. Be5 f6 21.
Rb3 Qc6 22. Bxf6 Ne4 23. Bxe4 dxe4 24. Be5 Rf8 25. Re3 Rxf1+ 26. Qxf1 Rf8 27.
Qg2 Bf3 28. Qd2 Qg6 29. Rc3 c6 30. d5 h5 31. dxc6 bxc6 32. h4 Qg4 33. Rb3 Rf5
34. Qd6 Be2 35. Qe6+ Rf7 36. Rb8+ Kh7 37. Qxf7  1-0

[Event "22nd 4NCL Congress"]
[Site "Telford"]
[Date "2019.07.19"]
[Round "1"]
[Board "10"]
[White "Price, Gwilym T"]
[Black "Davis, Lee"]
[Result "1/2-1/2"]
[WhiteElo "2138"]
[BlackElo "1937"]
[PlyCount "58"]
[EventDate "2019.07.19"]
[EventRounds "5"]
[EventCountry "ENG"]

1. e4 g6 2. d4 d6 3. Nc3 Bg7 4. f4 Nf6 5. a3 O-O 6. Nf3 Na6 7. Be3 c6 8. Bd3
Nc7 9. h3 b6 10. e5 Nfd5 11. Bd2 Nxc3 12. bxc3 Ba6 13. Qe2 Bxd3 14. cxd3 Qd7
15. O-O c5 16. Rae1 cxd4 17. Nxd4 dxe5 18. fxe5 Rad8 19. Qe4 Ne6 20. Nxe6 Qxe6
21. c4 Qd7 22. Rf3 Qd4+ 23. Qxd4 Rxd4 24. Bc3 Rd7 25. Kf2 e6 26. a4 Rfd8 27.
Ke2 Rc8 28. Ke3 Rc5 29. Ke4 h6  1/2-1/2

[Event "22nd 4NCL Congress"]
[Site "Telford"]
[Date "2019.07.19"]
[Round "1"]
[Board "11"]
[White "Herring, Sam Ac"]
[Black "Okhai, Shabir"]
[Result "0-1"]
[WhiteElo "1931"]
[BlackElo "2136"]
[PlyCount "48"]
[EventDate "2019.07.19"]
[EventRounds "5"]
[EventCountry "ENG"]

1. d4 Nf6 2. c4 e6 3. g3 c5 4. d5 exd5 5. cxd5 d6 6. Bg2 g6 7. Nf3 Bg7 8. O-O
O-O 9. Nc3 a6 10. a4 Nbd7 11. Bf4 Qe7 12. Re1 Nh5 13. Bg5 f6 14. Bd2 f5 15. e4
f4 16. g4 Nhf6 17. h3 Ne5 18. Qc2 Nfxg4 19. hxg4 Bxg4 20. Nxe5 Bxe5 21. f3 Bd4+
22. Kf1 Qh4 23. Nd1 Qh2 24. fxg4 f3  0-1

[Event "22nd 4NCL Congress"]
[Site "Telford"]
[Date "2019.07.19"]
[Round "1"]
[Board "12"]
[White "Seymour, Timothy P"]
[Black "Hosdurga, Chirag"]
[Result "0-1"]
[WhiteElo "2129"]
[BlackElo "1926"]
[PlyCount "90"]
[EventDate "2019.07.19"]
[EventRounds "5"]
[EventCountry "ENG"]

1. Nf3 Nf6 2. c4 g6 3. d4 Bg7 4. e3 c5 5. d5 d6 6. Nc3 O-O 7. Be2 e6 8. O-O
exd5 9. cxd5 Re8 10. Nd2 Na6 11. Nc4 Nc7 12. a4 b6 13. f3 Nh5 14. g4 Nf6 15. e4
Ba6 16. Bf4 Bf8 17. Qd2 Bxc4 18. Bxc4 Nd7 19. Be2 a6 20. Kh1 Rb8 21. Rab1 b5
22. axb5 Nxb5 23. Bxb5 axb5 24. b4 c4 25. Ra1 Ne5 26. Bxe5 Rxe5 27. Ra5 Qd7 28.
f4 Ree8 29. e5 dxe5 30. Ne4 Bg7 31. f5 Red8 32. d6 Qc6 33. Qg2 Rbc8 34. Ra7 g5
35. Nxg5 Qxg2+ 36. Kxg2 Rxd6 37. Nxf7 Rd2+ 38. Kg3 c3 39. f6 Bf8 40. Rf5 h6 41.
Nxe5 c2 42. Rg7+ Bxg7 43. f7+ Kh7 44. g5 Bxe5+ 45. Rxe5 c1=Q  0-1

[Event "22nd 4NCL Congress"]
[Site "Telford"]
[Date "2019.07.19"]
[Round "1"]
[Board "13"]
[White "Ansari, Athar"]
[Black "Walton, Alan J"]
[Result "0-1"]
[WhiteElo "1911"]
[BlackElo "2123"]
[PlyCount "66"]
[EventDate "2019.07.19"]
[EventRounds "5"]
[EventCountry "ENG"]

1. g3 f5 2. d3 d6 3. b3 Nf6 4. Bg2 e5 5. e3 Be7 6. Ne2 O-O 7. O-O c6 8. Bb2 Be6
9. c4 Nbd7 10. Nd2 Qe8 11. e4 Qg6 12. exf5 Bxf5 13. d4 Qh5 14. dxe5 dxe5 15.
Nc3 Bg4 16. f3 Be6 17. Nde4 Nxe4 18. Nxe4 Nf6 19. Qe2 Rad8 20. Rad1 Qg6 21.
Bxe5 Nxe4 22. Rxd8 Rxd8 23. fxe4 Bc5+ 24. Kh1 Bg4 25. Bf3 Bxf3+ 26. Rxf3 Re8
27. Rf5 Bd4 28. Qd2 Bxe5 29. Qd7 Qe6 30. Qxb7 Bf6 31. Kg2 Qxe4+ 32. Rf3 Rf8 33.
Qd7 Bd4  0-1

[Event "22nd 4NCL Congress"]
[Site "Telford"]
[Date "2019.07.19"]
[Round "1"]
[Board "14"]
[White "White, Stuart A"]
[Black "Lewis, Christopher D"]
[Result "1-0"]
[WhiteElo "2108"]
[BlackElo "1864"]
[PlyCount "89"]
[EventDate "2019.07.19"]
[EventRounds "5"]
[EventCountry "ENG"]

1. d4 d5 2. c4 c6 3. cxd5 cxd5 4. Bf4 Nc6 5. e3 Nf6 6. Nc3 Qa5 7. Bd3 g6 8. h3
Bg7 9. Nf3 h6 10. O-O Be6 11. Nb5 Rc8 12. a3 O-O 13. Nd2 Qd8 14. Nb3 b6 15. Nc3
Nb8 16. Qe2 Ne4 17. Rfc1 g5 18. Bh2 f5 19. Nb5 Nc6 20. f3 Nd6 21. Nd2 Kh8 22.
Nxd6 exd6 23. f4 Bf6 24. Rf1 Be7 25. Kh1 Qe8 26. g4 gxf4 27. Bxf4 fxg4 28. hxg4
Rxf4 29. Rxf4 Bg5 30. Rf2 Bd7 31. Re1 Qg8 32. Qf3 Re8 33. Ree2 Re7 34. Bf5 Kg7
35. Bxd7 Rxd7 36. Qf5 Re7 37. Nf1 Na5 38. e4 dxe4 39. Rxe4 Qa8 40. d5 Qe8 41.
Re6 Nc4 42. Ng3 Ne3 43. Qe4 Rxe6 44. dxe6 Qc8 45. Rf7+  1-0

[Event "22nd 4NCL Congress"]
[Site "Telford"]
[Date "2019.07.19"]
[Round "1"]
[Board "15"]
[White "Gorgun, Aliriza Atif"]
[Black "Surtees, Mike J"]
[Result "0-1"]
[WhiteElo "1862"]
[BlackElo "2103"]
[PlyCount "42"]
[EventDate "2019.07.19"]
[EventRounds "5"]
[EventCountry "ENG"]

1. c4 e6 2. e4 d5 3. Nc3 dxe4 4. Nxe4 e5 5. d3 Nc6 6. g3 Nf6 7. Nxf6+ Qxf6 8.
Bg2 Bf5 9. Nf3 Bb4+ 10. Ke2 e4 11. Ne1 O-O-O 12. Kf1 Bxe1 13. Qxe1 exd3 14. Be3
d2 15. Bxd2 Rhe8 16. Be3 Bd3+ 17. Kg1 Nd4 18. Bh3+ Kb8 19. Bg4 Nc2 20. Qa5 Rxe3
21. fxe3 Nxa1  0-1

[Event "22nd 4NCL Congress"]
[Site "Telford"]
[Date "2019.07.19"]
[Round "1"]
[Board "16"]
[White "Moore, Gerald"]
[Black "Jones, Tibor T"]
[Result "1/2-1/2"]
[WhiteElo "2084"]
[BlackElo "1857"]
[PlyCount "46"]
[EventDate "2019.07.19"]
[EventRounds "5"]
[EventCountry "ENG"]

1. Nf3 d5 2. c4 c6 3. g3 Bg4 4. Bg2 e6 5. O-O Nd7 6. d3 Bd6 7. Nc3 Ne7 8. b3
O-O 9. Bb2 h6 10. Qc2 Bf5 11. e4 Bh7 12. Qe2 dxc4 13. dxc4 Qc7 14. Rfd1 Rad8
15. Rd2 Bb4 16. Rad1 Nc5 17. Nd4 e5 18. Nc2 Bxc3 19. Bxc3 Ne6 20. Bh3 Ng5 21.
Bg2 Ne6 22. Bh3 Ng5 23. Bg2 Ne6  1/2-1/2

[Event "22nd 4NCL Congress"]
[Site "Telford"]
[Date "2019.07.19"]
[Round "1"]
[Board "17"]
[White "Forster, Matthew"]
[Black "Ratnesan, Ranesh"]
[Result "1-0"]
[WhiteElo "1825"]
[BlackElo "2080"]
[PlyCount "111"]
[EventDate "2019.07.19"]
[EventRounds "5"]
[EventCountry "ENG"]

1. c4 e5 2. g3 Nf6 3. Bg2 h6 4. a3 c6 5. d4 d6 6. Nc3 Qc7 7. e3 Be6 8. Qd3 a6
9. Nge2 g6 10. O-O Bg7 11. h3 O-O 12. e4 exd4 13. Nxd4 Nbd7 14. Bf4 Ne8 15.
Rad1 Ne5 16. Nxe6 fxe6 17. Qe2 c5 18. Kh2 Rd8 19. Bxe5 Bxe5 20. f4 Bd4 21. Qg4
Kh7 22. f5 gxf5 23. exf5 Qg7 24. fxe6 Qxg4 25. hxg4 Rxf1 26. Rxf1 Nf6 27. Nd5
Kg7 28. Nxf6 Bxf6 29. b3 b5 30. Bd5 bxc4 31. Bxc4 a5 32. Bd5 Rb8 33. Rf4 Re8
34. Kg2 Kg6 35. Kf3 Re7 36. Ke2 Re8 37. Kd3 Rc8 38. Ra4 Bd8 39. Re4 Be7 40. Kc4
Rb8 41. Bc6 Rb6 42. Bd7 Rb8 43. Rf4 Bf6 44. a4 Rb4+ 45. Kd5 Rxb3 46. Kxd6 Rxg3
47. Kxc5 Be7+ 48. Kb5 Bd8 49. Rf8 Be7 50. Rf7 Rxg4 51. Rxe7 Rg5+ 52. Kb6 h5 53.
Re8 Kf6 54. Ra8 h4 55. Rxa5 Re5 56. Rxe5  1-0

[Event "22nd 4NCL Congress"]
[Site "Telford"]
[Date "2019.07.19"]
[Round "1"]
[Board "18"]
[White "Gayson, Peter M"]
[Black "Tivillier, Jacques"]
[Result "1-0"]
[WhiteElo "2068"]
[BlackElo "1799"]
[PlyCount "73"]
[EventDate "2019.07.19"]
[EventRounds "5"]
[EventCountry "ENG"]

1. e4 e5 2. Nf3 Nf6 3. d4 Nxe4 4. Bd3 d5 5. Nxe5 Bd6 6. O-O Bxe5 7. dxe5 Nc6 8.
Bxe4 dxe4 9. Qxd8+ Nxd8 10. Nc3 Bf5 11. Re1 Ne6 12. Be3 O-O 13. Rad1 Rfe8 14.
Kf1 Nf8 15. Nd5 Ne6 16. h3 c6 17. Nc3 Nf8 18. g4 Bg6 19. Bf4 Ne6 20. Bg3 e3 21.
Rxe3 Bxc2 22. Rd2 Bg6 23. f4 f5 24. exf6 Bf7 25. fxg7 Kxg7 26. f5 Nc5 27. Be5+
Kg8 28. Bd4 Bc4+ 29. Kg2 Rxe3 30. Bxe3 Nd3 31. b3 Ba6 32. Ne4 Rd8 33. Nc5 Ne1+
34. Kg3 Re8 35. Bf2 Bf1 36. Rd1 b6 37. Ne6  1-0

[Event "22nd 4NCL Congress"]
[Site "Telford"]
[Date "2019.07.19"]
[Round "1"]
[Board "19"]
[White "Van Kemenade, Julie"]
[Black "Lentzos, Ioannis"]
[Result "0-1"]
[WhiteElo "1719"]
[BlackElo "2043"]
[PlyCount "80"]
[EventDate "2019.07.19"]
[EventRounds "5"]
[EventCountry "ENG"]

1. e4 e6 2. Qe2 Nf6 3. d3 d5 4. Nf3 c5 5. g3 Nc6 6. Bg2 Be7 7. O-O O-O 8. e5
Nd7 9. h4 b5 10. Bf4 Bb7 11. Nbd2 Qb6 12. Rfe1 Rfc8 13. c3 Bf8 14. Nf1 a5 15.
N1h2 a4 16. Ng5 h6 17. Ngf3 a3 18. Rab1 axb2 19. Rxb2 Ra3 20. Reb1 b4 21. h5
Rxc3 22. Nh4 Ba6 23. Rd2 Nd4 24. Qg4 Rxd3 25. Re1 Kh8 26. Bxd5 exd5 27. Qxd7
Qe6 28. Qa4 Rxd2 29. Bxd2 Bc4 30. Qd1 Nf5 31. N4f3 Bxa2 32. g4 Ne7 33. g5 d4
34. Re4 Nd5 35. Rg4 Nc3 36. Qf1 Bd5 37. Qh3 b3 38. g6 b2 39. gxf7 b1=Q+ 40. Nf1
Ne2+  0-1

[Event "22nd 4NCL Congress"]
[Site "Telford"]
[Date "2019.07.19"]
[Round "1"]
[Board "20"]
[White "Penna, Tommaso"]
[Black "Sandhu, Manvith"]
[Result "1-0"]
[WhiteElo "2014"]
[BlackElo "1682"]
[PlyCount "59"]
[EventDate "2019.07.19"]
[EventRounds "5"]
[EventCountry "ENG"]

1. e4 Nc6 2. Nf3 d6 3. d4 Nf6 4. Nc3 g6 5. Be2 Bg7 6. O-O O-O 7. d5 Nb8 8. h3
Re8 9. Be3 e6 10. Qd2 exd5 11. exd5 Bf5 12. Nd4 Ne4 13. Nxe4 Bxe4 14. c4 a6 15.
f3 c5 16. Ne6 fxe6 17. fxe4 Qe7 18. Bg5 Qc7 19. Bg4 Bd4+ 20. Kh1 e5 21. Be6+
Rxe6 22. dxe6 Nc6 23. Rf7 Qb6 24. Bf6 Qxb2 25. Qxb2 Bxb2 26. Rg7+ Kf8 27. Rxh7
Ne7 28. Rb1 Ng8 29. Rxb2 Nxf6 30. Rf7+  1-0

[Event "22nd 4NCL Congress"]
[Site "Telford"]
[Date "2019.07.20"]
[Round "2"]
[Board "1"]
[White "Arkell, Keith C"]
[Black "White, Stuart A"]
[Result "1-0"]
[WhiteElo "2461"]
[BlackElo "2108"]
[PlyCount "81"]
[EventDate "2019.07.19"]
[EventRounds "5"]
[EventCountry "ENG"]

1. Nf3 d5 2. c4 d4 3. b4 f6 4. e3 e5 5. a3 a5 6. b5 Nh6 7. exd4 exd4 8. d3 Nf5
9. g4 Ne7 10. h3 c5 11. Nbd2 Ng6 12. Ne4 Bd6 13. Bg2 O-O 14. Ra2 Ra7 15. O-O b6
16. Nxd6 Qxd6 17. Re1 Nd7 18. Rae2 Nde5 19. Nh2 Nf7 20. Nf1 f5 21. gxf5 Bxf5
22. Ng3 Bd7 23. Re4 Qf6 24. Qh5 Nd6 25. R4e2 h6 26. Bd5+ Kh7 27. Kh1 Bc8 28.
Re6 Re7 29. Rxe7 Nxe7 30. Bg2 Kg8 31. Qe2 Ng6 32. Kg1 Nh4 33. Bd5+ Kh8 34. Nh5
Qg6+ 35. Kh2 Qf5 36. Nf4 g5 37. Qh5 Qf6 38. Ng2 Kg7 39. Nxh4 Qxf2+ 40. Ng2 Nf5
41. Qf3  1-0

[Event "22nd 4NCL Congress"]
[Site "Telford"]
[Date "2019.07.20"]
[Round "2"]
[Board "2"]
[White "Walton, Alan J"]
[Black "Merry, Alan B"]
[Result "0-1"]
[WhiteElo "2123"]
[BlackElo "2435"]
[PlyCount "56"]
[EventDate "2019.07.19"]
[EventRounds "5"]
[EventCountry "ENG"]

1. d4 c5 2. d5 g6 3. e4 Bg7 4. Nc3 d6 5. Be3 a6 6. a4 Nf6 7. f3 O-O 8. Nge2 e6
9. dxe6 Bxe6 10. Nf4 Nc6 11. Nxe6 fxe6 12. Bc4 Qe7 13. O-O Rad8 14. Re1 Kh8 15.
Bg5 h6 16. Bh4 Qf7 17. Bf1 g5 18. Bg3 Nh5 19. Ne2 Nxg3 20. Nxg3 Bxb2 21. Rb1
Bc3 22. Re2 h5 23. Qc1 Bd4+ 24. Kh1 h4 25. Qxg5 hxg3 26. Qxg3 Rd7 27. Qh3+ Qh7
28. Qxe6 Be5  0-1

[Event "22nd 4NCL Congress"]
[Site "Telford"]
[Date "2019.07.20"]
[Round "2"]
[Board "3"]
[White "Hebden, Mark L"]
[Black "Gayson, Peter M"]
[Result "1-0"]
[WhiteElo "2421"]
[BlackElo "2068"]
[PlyCount "135"]
[EventDate "2019.07.19"]
[EventRounds "5"]
[EventCountry "ENG"]

1. d4 f5 2. Nf3 d6 3. g3 g6 4. Bg2 Bg7 5. O-O Nh6 6. c4 O-O 7. Nc3 Nf7 8. d5 c5
9. Bd2 Nd7 10. Qc2 Nde5 11. b3 Bd7 12. Rae1 a6 13. Nh4 b5 14. f4 Ng4 15. Bf3
Nfh6 16. e4 b4 17. Nd1 fxe4 18. Bxe4 Nf5 19. Nxf5 Bxf5 20. Bxf5 Rxf5 21. h3
Bd4+ 22. Kg2 Nh6 23. Qe4 Rf7 24. Bxb4 a5 25. Bc3 Nf5 26. g4 Bxc3 27. Nxc3 Nd4
28. Ne2 Nxe2 29. Rxe2 a4 30. f5 axb3 31. axb3 Qf8 32. Qe6 Kh8 33. Ref2 gxf5 34.
Rxf5 Rxf5 35. Rxf5 Qg7 36. Rf7 Qc3 37. Rf2 Qg7 38. Re2 Rb8 39. Qd7 Qf6 40. Qxe7
Qxe7 41. Rxe7 Rxb3 42. Rd7 Rc3 43. Rxd6 Rxc4 44. Rc6 Rc3 45. Rc7 Kg8 46. g5 c4
47. d6 Rd3 48. d7 Kf8 49. h4 Ke7 50. d8=Q+ Kxd8 51. Rxc4 Rd7 52. Re4 Rd3 53.
Re6 Rd7 54. Kg3 Rg7 55. Kg4 Kd7 56. Ra6 Ke8 57. Ra8+ Kf7 58. Rh8 Ke6 59. Kh5
Ra7 60. Kh6 Kf5 61. Rxh7 Ra4 62. Kh5 Rb4 63. Rf7+ Ke6 64. g6 Ra4 65. Rf8 Ra5+
66. Kh6 Ke7 67. g7 Ra6+ 68. Kh7  1-0

[Event "22nd 4NCL Congress"]
[Site "Telford"]
[Date "2019.07.20"]
[Round "2"]
[Board "4"]
[White "Surtees, Mike J"]
[Black "Murphy, Conor E"]
[Result "0-1"]
[WhiteElo "2103"]
[BlackElo "2362"]
[PlyCount "56"]
[EventDate "2019.07.19"]
[EventRounds "5"]
[EventCountry "ENG"]

1. e4 c5 2. Nh3 d5 3. Bb5+ Nc6 4. Ng5 e6 5. Bxc6+ bxc6 6. d3 Ba6 7. exd5 cxd5
8. c4 Qd7 9. cxd5 exd5 10. O-O Nf6 11. Re1+ Be7 12. Nc3 O-O 13. b3 Rfe8 14. Nf3
Qf5 15. d4 Ne4 16. Bb2 Rac8 17. a3 Bf6 18. Na2 g5 19. h3 h5 20. Nc3 Nxf2 21.
Qd2 Nxh3+ 22. Kh1 Nf4 23. Rxe8+ Rxe8 24. dxc5 Nd3 25. b4 g4 26. Rf1 Nxb2 27. b5
Bxc3 28. Qh6 gxf3  0-1

[Event "22nd 4NCL Congress"]
[Site "Telford"]
[Date "2019.07.20"]
[Round "2"]
[Board "5"]
[White "Lentzos, Ioannis"]
[Black "Ashton, Adam G"]
[Result "0-1"]
[WhiteElo "2043"]
[BlackElo "2323"]
[PlyCount "94"]
[EventDate "2019.07.19"]
[EventRounds "5"]
[EventCountry "ENG"]

1. c4 e5 2. Nc3 Nf6 3. Nf3 Nc6 4. d4 exd4 5. Nxd4 Bc5 6. Nxc6 bxc6 7. g3 O-O 8.
Bg2 Re8 9. O-O Bb4 10. a3 Bxc3 11. bxc3 Qe7 12. e4 Qc5 13. Qd4 Qxd4 14. cxd4
Nxe4 15. Re1 Nf6 16. Bf4 Ba6 17. Rec1 Rab8 18. Bxc7 Rb2 19. Ba5 h6 20. d5 c5
21. Bc3 Rb3 22. Ba5 Ng4 23. h3 Ne5 24. Re1 Nf3+ 25. Bxf3 Rxe1+ 26. Rxe1 Rxf3
27. Re7 Rxa3 28. Bd2 Bxc4 29. Rxd7 Rd3 30. Be3 Bxd5 31. g4 c4 32. Rxa7 Rd1+ 33.
Kh2 g5 34. Ra3 Rh1+ 35. Kg3 Rg1+ 36. Kh2 Rg2+ 37. Kh1 Rxg4+ 38. Kh2 Rg2+ 39.
Kh1 Rxf2+ 40. Kg1 Rf3 41. Kh2 f5 42. h4 f4 43. Bc5 Rxa3 44. Bxa3 Kf7 45. hxg5
hxg5 46. Kh3 Bf3 47. Bb2 Kg6  0-1

[Event "22nd 4NCL Congress"]
[Site "Telford"]
[Date "2019.07.20"]
[Round "2"]
[Board "6"]
[White "Abdulla, Murad"]
[Black "Penna, Tommaso"]
[Result "1-0"]
[WhiteElo "2244"]
[BlackElo "2014"]
[PlyCount "121"]
[EventDate "2019.07.19"]
[EventRounds "5"]
[EventCountry "ENG"]

1. e4 e5 2. Nf3 Nc6 3. Bc4 Bc5 4. O-O Nf6 5. d3 d6 6. c3 a6 7. a4 Ba7 8. h3 h6
9. Be3 O-O 10. Nbd2 Bxe3 11. fxe3 Ne7 12. Qe1 c6 13. Bb3 Ng6 14. Qg3 Kh7 15.
Rf2 Qe7 16. Raf1 Be6 17. Bc2 c5 18. d4 Qc7 19. d5 Bd7 20. Nh4 Qd8 21. Nf5 Bxf5
22. Rxf5 Qe7 23. a5 Rac8 24. Nc4 Rc7 25. Qf2 Rd8 26. g3 Nf8 27. g4 N8d7 28. Qh4
Kg8 29. g5 hxg5 30. Qxg5 Re8 31. Kh2 Rcc8 32. Qg2 Rf8 33. h4 Ne8 34. h5 Qh4+
35. Kg1 Ndf6 36. Nd2 Qg4 37. Ba4 Qxg2+ 38. Kxg2 c4 39. Bc2 Ng4 40. R5f3 Rc5 41.
Rg3 Nh6 42. Ra1 Nf6 43. Bd1 Rfc8 44. Be2 Kf8 45. Ra4 Nhg8 46. Kf2 Nh6 47. Rg1
R8c7 48. Rh1 Ke7 49. Rh4 Kf8 50. Nxc4 Ne8 51. Nd2 f6 52. Rh1 Nf7 53. c4 Rc8 54.
Bg4 Rb8 55. b4 Rc7 56. Raa1 Ng5 57. Bf5 Nf7 58. Rhc1 Nh6 59. Be6 f5 60. exf5
Nf6 61. c5  1-0